[Event "Asia-ch"]
[Site "Al Ain"]
[Date "2025.05.14"]
[Round "8"]
[White "Panda, Sambit"]
[Black "Goganov, Aleksey"]
[Result "0-1"]
[WhiteElo "2369"]
[BlackElo "2511"]
[PlyCount "92"]
[EventDate "2025.05.07"]
[EventType "swiss"]
[EventRounds "9"]
[EventCountry "UAE"]
[SourceTitle "CB21_2025"]
[SourceDate "2025.05.21"]
[SourceVersion "1"]
[SourceVersionDate "2025.05.21"]
[SourceQuality "1"]

1. e4 c5 2. Nf3 d6 3. Bb5+ Nd7 4. 0-0 a6 5. Bxd7+ Bxd7 6. c3 Nf6 7. Re1 Bc6 8. d4 Bxe4 9. Bg5 d5 10. dxc5 e6 11. b4 Be7 12. Nbd2 0-0 13. Bxf6 Bxf6 14. Nxe4 dxe4 15. Rxe4 Bxc3 16. Rc1 Qxd1+ 17. Rxd1 Rfd8 18. Rc1 Bb2 19. Rb1 Bf6 20. Kf1 Kf8 21. Ke2 Ke8 22. Nd2 a5 23. b5 Rd5 24. Rc4 Be7 25. c6 bxc6 26. bxc6 Bb4 27. Ne4 Rc8 28. Rb3 f5 29. Nc3 Rc5 30. Rbxb4 Re5+ 31. Re4 fxe4 32. Rc4 Kd8 33. a4 Kc7 34. Nb5+ Kb6 35. c7 Rxb5 36. axb5 Rxc7 37. Rxe4 Kxb5 38. Rxe6 a4 39. Re8 Rc2+ 40. Ke3 a3 41. Rb8+ Kc4 42. g4 a2 43. Ra8 Kc3 44. f4 Kb2 45. Kd3 Rc3+ 46. Kd2 Ra3 0-1

[Event "Asia-ch"]
[Site "Al Ain"]
[Date "2025.05.12"]
[Round "6"]
[White "Panda, Sambit"]
[Black "Ayush, Sharma"]
[Result "1/2-1/2"]
[WhiteElo "2369"]
[BlackElo "2478"]
[PlyCount "203"]
[EventDate "2025.05.07"]
[EventType "swiss"]
[EventRounds "9"]
[EventCountry "UAE"]
[SourceTitle "CB21_2025"]
[SourceDate "2025.05.21"]
[SourceVersion "1"]
[SourceVersionDate "2025.05.21"]
[SourceQuality "1"]

1. Nf3 Nf6 2. c4 e6 3. g3 d5 4. Bg2 dxc4 5. Qa4+ Nbd7 6. Qxc4 c5 7. d3 Be7 8. a4 a5 9. 0-0 0-0 10. Qc2 Nd5 11. Bd2 b6 12. Na3 Ba6 13. Bc3 Rc8 14. Rad1 Bf6 15. Rfe1 Nb8 16. Nc4 Nc6 17. e4 Ndb4 18. Qb1 Nd4 19. e5 Be7 20. Nxd4 cxd4 21. Bxb4 Bxb4 22. Re4 Rb8 23. Qc1 Qd7 24. b3 Rfd8 25. Rg4 Bxc4 26. dxc4 d3 27. Qh6 Bf8 28. Qd2 Qc7 29. Qe3 Bc5 30. Qg5 g6 31. Bf1 d2 32. Rxd2 Rxd2 33. Qxd2 Qxe5 34. Rf4 Qc7 35. Rf3 Rd8 36. Rd3 Rxd3 37. Qxd3 Qe5 38. Be2 Qf6 39. Bf3 Qb2 40. Be2 Kg7 41. Kg2 h5 42. f4 Bd4 43. Kh3 Kf8 44. Qf3 Bc3 45. Bd1 Qd2 46. Qe2 Qd7 47. Kg2 Ke7 48. Bc2 f5 49. Qd3 Bd4 50. Bd1 Qd6 51. Bf3 Kd7 52. Ba8 Ke7 53. Bf3 Qc5 54. Qe2 Kd6 55. Qd2 Kc7 56. Qe2 Qd6 57. Qd3 h4 58. Ba8 hxg3 59. hxg3 Qd8 60. Bf3 Qf6 61. Qe2 Bc5 62. Qd2 Qa1 63. Bd1 Bd4 64. Qc2 Kd6 65. Qe2 Qc3 66. Kh3 Be3 67. Kg2 Kc5 68. Bc2 Kb4 69. Bd1 Qd4 70. Qe1+ Qc3 71. Qxc3+ Kxc3 72. Kh3 Bc5 73. Kg2 Bd4 74. Kf3 Kd2 75. Be2 Bc5 76. Bf1 Kc3 77. Be2 Kxb3 78. Bd1+ Kc3 79. g4 Kd2 80. Bb3 Kd3 81. gxf5 exf5 82. Bd1 Kc3 83. Be2 Kc2 84. Kg3 Kd2 85. Kf3 Bd6 86. Bf1 Bc7 87. Bg2 Kc2 88. Ke3 Kb3 89. Bc6 Kxc4 90. Be8 Kb4 91. Kf3 Bd8 92. Bb5 Kb3 93. Be8 Kb4 94. Bb5 Be7 95. Be8 Bf6 96. Bb5 Bg7 97. Be8 Bh6 98. Bb5 Bf8 99. Be8 Be7 100. Bb5 Bf6 101. Be8 Bd4 102. Bb5 1/2-1/2

[Event "Asia-ch Blitz"]
[Site "Al Ain"]
[Date "2025.05.10"]
[Round "7"]
[White "Omonov, Asrorjon"]
[Black "Panda, Sambit"]
[Result "1-0"]
[WhiteElo "2387"]
[BlackElo "2369"]
[PlyCount "179"]
[EventDate "2025.05.10"]
[EventType "swiss (blitz)"]
[EventRounds "9"]
[EventCountry "UAE"]
[SourceTitle "CB20_2025"]
[SourceDate "2025.05.14"]
[SourceVersion "1"]
[SourceVersionDate "2025.05.14"]
[SourceQuality "1"]

1. d4 d5 2. c4 e6 3. Nc3 a6 4. cxd5 exd5 5. Nf3 h6 6. Bf4 Nf6 7. e3 Bd6 8. Be5 c6 9. Qc2 Qe7 10. Bxf6 Qxf6 11. Nxd5 Qd8 12. Nc3 0-0 13. Be2 Nd7 14. 0-0 Re8 15. h3 Nf8 16. e4 Bd7 17. e5 Bc7 18. Rad1 Ng6 19. Rfe1 Rc8 20. Bf1 Bb8 21. Bc4 Nh4 22. Nxh4 Qxh4 23. Qe4 Qe7 24. Qf3 b5 25. Bb3 a5 26. Ne4 a4 27. Bc2 Be6 28. a3 Rcd8 29. Nc5 Bd5 30. Qd3 g6 31. Qe3 Kg7 32. Ne4 Bxe4 33. Bxe4 c5 34. Bc6 cxd4 35. Qd3 Rf8 36. Qxb5 Ba7 37. Rd3 Rb8 38. Qxa4 Rxb2 39. Bf3 Rfb8 40. e6 fxe6 41. Qc4 e5 42. Qd5 R2b5 43. Qe4 Qf6 44. Rc1 Rc5 45. Rdd1 Rbc8 46. Rb1 R8c7 47. Rb7 Qe7 48. Rbb1 h5 49. Be2 R5c6 50. Bd3 Qf6 51. Re1 Re7 52. Rb5 Rc5 53. Rxc5 Bxc5 54. a4 Rf7 55. Qxe5 Bb4 56. Qxf6+ Kxf6 57. Rb1 Bc3 58. Rb6+ Ke5 59. Rxg6 Be1 60. Rg5+ Kd6 61. Rf5 Rxf5 62. Bxf5 h4 63. Kf1 Bb4 64. Bd3 Ke5 65. g3 Be7 66. Ke2 Bd8 67. f4+ Kd5 68. g4 Bc7 69. Kf3 Kc5 70. Ke4 Bd8 71. g5 Be7 72. Ke5 Bd6+ 73. Kf5 Kb4 74. g6 Bf8 75. Kf6 Kc3 76. Bf5 d3 77. Bxd3 Kxd3 78. g7 Bxg7+ 79. Kxg7 Ke4 80. a5 Kxf4 81. a6 Kg3 82. a7 Kxh3 83. a8Q Kh2 84. Qa2+ Kh1 85. Qb1+ Kg2 86. Qe4+ Kg3 87. Qh1 h3 88. Kg6 h2 89. Kg5 Kh3 90. Qf3# 1-0

[Event "Asia-ch Blitz"]
[Site "Al Ain"]
[Date "2025.05.10"]
[Round "3"]
[White "Panda, Sambit"]
[Black "Abdulazizov, Asilbek"]
[Result "0-1"]
[WhiteElo "2369"]
[BlackElo "1759"]
[PlyCount "64"]
[EventDate "2025.05.10"]
[EventType "swiss (blitz)"]
[EventRounds "9"]
[EventCountry "UAE"]
[SourceTitle "CB20_2025"]
[SourceDate "2025.05.14"]
[SourceVersion "1"]
[SourceVersionDate "2025.05.14"]
[SourceQuality "1"]

1. d4 Nf6 2. c4 e6 3. Nc3 d5 4. Nf3 c5 5. e3 Nc6 6. a3 cxd4 7. exd4 Be7 8. cxd5 exd5 9. Bd3 Bg4 10. Be3 Bh5 11. 0-0 0-0 12. Be2 Re8 13. Ne5 Bxe2 14. Qxe2 Nxe5 15. dxe5 Ne4 16. Nb5 a6 17. Nd4 Bc5 18. f3 Ng5 19. f4 Ne4 20. Rad1 Rc8 21. Nf5 Bf8 22. Bd4 g6 23. Ne3 Qd7 24. Kh1 Bg7 25. Qf3 Qb5 26. f5 a5 27. e6 fxe6 28. Bxg7 Kxg7 29. fxe6 Rf8 30. Qg4 Rxf1+ 31. Rxf1 Qxf1+ 32. Nxf1 Nf2+ 0-1

[Event "Asia-ch Blitz"]
[Site "Al Ain"]
[Date "2025.05.10"]
[Round "1"]
[White "Panda, Sambit"]
[Black "Tin, Jingyao"]
[Result "0-1"]
[WhiteElo "2369"]
[BlackElo "2601"]
[PlyCount "78"]
[EventDate "2025.05.10"]
[EventType "swiss (blitz)"]
[EventRounds "9"]
[EventCountry "UAE"]
[SourceTitle "CB20_2025"]
[SourceDate "2025.05.14"]
[SourceVersion "1"]
[SourceVersionDate "2025.05.14"]
[SourceQuality "1"]

1. d4 d5 2. c4 c6 3. cxd5 cxd5 4. Bf4 Nc6 5. e3 Nf6 6. Nc3 a6 7. Rc1 Bf5 8. Nf3 Qb6 9. Qb3 Qxb3 10. axb3 e6 11. Nh4 Bg6 12. Nxg6 hxg6 13. Bd3 Nh5 14. Be5 Bb4 15. h3 Nf6 16. Bh2 Na5 17. Ke2 Nxb3 18. Rc2 Ke7 19. Na4 Bd6 20. Bxd6+ Kxd6 21. Nb6 Rab8 22. Rhc1 Nxc1+ 23. Rxc1 Nd7 24. Na4 Rhc8 25. Rd1 Rc6 26. f3 Rbc8 27. e4 b5 28. Nc3 Nb6 29. Nb1 Nc4 30. Bxc4 Rxc4 31. e5+ Ke7 32. Na3 Rb4 33. Rd2 Rb3 34. Nb1 b4 35. Kd1 a5 36. Rc2 Rxc2 37. Kxc2 a4 38. Nd2 Re3 39. Kd1 Rd3 0-1

[Event "Maharashtra op 3rd"]
[Site "Hadapsar"]
[Date "2025.04.28"]
[Round "10"]
[White "Gochelashvili, David"]
[Black "Panda, Sambit"]
[Result "1/2-1/2"]
[WhiteElo "2227"]
[BlackElo "2391"]
[PlyCount "122"]
[EventDate "2025.04.20"]
[EventType "swiss"]
[EventRounds "10"]
[EventCountry "IND"]
[SourceTitle "CB18_2025"]
[SourceDate "2025.04.30"]
[SourceVersion "1"]
[SourceVersionDate "2025.04.30"]
[SourceQuality "1"]

1. e4 c6 2. d4 d5 3. exd5 cxd5 4. c4 Nf6 5. Nc3 Nc6 6. Nf3 a6 7. Bg5 Be6 8. c5 g6 9. Bd3 Bg7 10. h3 0-0 11. 0-0 Ne8 12. Be3 f6 13. Qd2 Bf7 14. Bh6 g5 15. Bxg7 Nxg7 16. Rfe1 Qc7 17. Qc2 h6 18. Bg6 e6 19. Re3 Rad8 20. Na4 Rfe8 21. Rae1 Ne7 22. Bxf7+ Kxf7 23. a3 Ng6 24. Rb3 Re7 25. Rb6 h5 26. c6 bxc6 27. Rxc6 Qf4 28. Nc3 g4 29. Ne2 Qh6 30. Qd2 Qxd2 31. Nxd2 gxh3 32. gxh3 a5 33. b4 axb4 34. axb4 Rb8 35. Rb1 Reb7 36. Nf3 Nf5 37. Ng3 Nxg3 38. fxg3 Ne7 39. Rc2 Rxb4 40. Rxb4 Rxb4 41. g4 hxg4 42. hxg4 Rc4 43. Rf2 Nc6 44. g5 f5 45. Rd2 Kg6 46. Kg2 f4 47. Kh3 Kf5 48. Kh4 Rc3 49. Rf2 Rc4 50. Kh5 Nxd4 51. Nh4+ Ke4 52. g6 Rc7 53. Rf1 Nf5 54. Kg5 Nxh4 55. Rxf4+ Ke3 56. Rxh4 e5 57. Kf6 e4 58. Ke5 Rd7 59. Rh7 Rd8 60. g7 Rg8 61. Kxd5 Kd3 1/2-1/2

[Event "Maharashtra op 3rd"]
[Site "Hadapsar"]
[Date "2025.04.27"]
[Round "9"]
[White "Panda, Sambit"]
[Black "Padmini, Rout"]
[Result "1-0"]
[WhiteElo "2391"]
[BlackElo "2354"]
[PlyCount "74"]
[EventDate "2025.04.20"]
[EventType "swiss"]
[EventRounds "10"]
[EventCountry "IND"]
[SourceTitle "CB18_2025"]
[SourceDate "2025.04.30"]
[SourceVersion "1"]
[SourceVersionDate "2025.04.30"]
[SourceQuality "1"]

1. Nf3 c5 2. c4 Nc6 3. Nc3 g6 4. e3 Bg7 5. d4 cxd4 6. exd4 d6 7. d5 Nb8 8. h3 Nf6 9. Be2 Nbd7 10. 0-0 0-0 11. Re1 Nc5 12. Be3 Nfe4 13. Nxe4 Nxe4 14. Bd4 Nf6 15. Bf1 Re8 16. Qd2 a6 17. a4 e5 18. dxe6 Bxe6 19. Rad1 d5 20. Ng5 Bd7 21. b3 Rxe1 22. Qxe1 h6 23. Nf3 dxc4 24. Bxc4 b5 25. Bxf7+ Kxf7 26. Ne5+ Kg8 27. Nxd7 Qxd7 28. Bxf6 Re8 29. Qf1 Qf5 30. Bxg7 Kxg7 31. axb5 axb5 32. Rd6 h5 33. h4 b4 34. Qa1+ Kg8 35. Qf6 Qxf6 36. Rxf6 Kg7 37. Rf4 Rb8 1-0

[Event "Maharashtra op 3rd"]
[Site "Hadapsar"]
[Date "2025.04.22"]
[Round "3"]
[White "Panda, Sambit"]
[Black "Gomes, Mary Ann"]
[Result "1/2-1/2"]
[WhiteElo "2391"]
[BlackElo "2284"]
[PlyCount "75"]
[EventDate "2025.04.20"]
[EventType "swiss"]
[EventRounds "10"]
[EventCountry "IND"]
[SourceTitle "CB18_2025"]
[SourceDate "2025.04.30"]
[SourceVersion "1"]
[SourceVersionDate "2025.04.30"]
[SourceQuality "1"]

1. d4 Nf6 2. c4 e6 3. Nc3 Bb4 4. e3 b6 5. Nge2 Ne4 6. Qc2 Bb7 7. h4 c5 8. f3 cxd4 9. exd4 Nxc3 10. Nxc3 Nc6 11. Be3 Rc8 12. a3 Be7 13. 0-0-0 Na5 14. c5 bxc5 15. d5 exd5 16. Nxd5 Bxd5 17. Rxd5 Qb6 18. Bd3 Qb3 19. Qxb3 Nxb3+ 20. Kc2 Nd4+ 21. Bxd4 cxd4+ 22. Kd2 0-0 23. Rxd7 Bc5 24. Rc1 Bb6 25. Rxc8 Rxc8 26. Ba6 Rc6 27. Kd3 Kf8 28. Bc4 Rc7 29. Rxc7 Bxc7 30. Kxd4 Bd8 31. Kc5 Bxh4 32. Kb5 Ke7 33. b4 f5 34. a4 Kd6 35. Ka6 Bf2 36. Kb7 f4 37. Bd3 h5 38. b5 1/2-1/2

[Event "Bengaluru Namma op 2nd"]
[Site "Bengaluru"]
[Date "2025.04.13"]
[Round "5"]
[White "Panda, Sambit"]
[Black "Anadkat, Kartavya"]
[Result "1-0"]
[WhiteElo "2391"]
[BlackElo "2187"]
[PlyCount "56"]
[EventDate "2025.04.10"]
[EventType "swiss"]
[EventRounds "10"]
[EventCountry "IND"]
[SourceTitle "CB18_2025"]
[SourceDate "2025.04.30"]
[SourceVersion "1"]
[SourceVersionDate "2025.04.30"]
[SourceQuality "1"]

1. Nf3 Nf6 2. c4 b6 3. g3 Bb7 4. Bg2 e6 5. 0-0 c5 6. Nc3 Be7 7. Re1 0-0 8. e4 d6 9. d4 cxd4 10. Nxd4 Qc7 11. Be3 a6 12. f4 Nbd7 13. g4 g6 14. g5 Nh5 15. f5 b5 16. Nb3 e5 17. a3 f6 18. Nd5 Bxd5 19. Qxd5+ Kg7 20. h4 Rac8 21. Rac1 Nc5 22. Qd1 Nf4 23. Nxc5 dxc5 24. Bxf4 exf4 25. Qg4 Qd8 26. Rcd1 fxg5 27. f6+ Rxf6 28. e5 Rf8 1-0

[Event "Bengaluru Namma op 2nd"]
[Site "Bengaluru"]
[Date "2025.04.13"]
[Round "6"]
[White "Wagh, Suyog"]
[Black "Panda, Sambit"]
[Result "1-0"]
[WhiteElo "2289"]
[BlackElo "2391"]
[PlyCount "41"]
[EventDate "2025.04.10"]
[EventType "swiss"]
[EventRounds "10"]
[EventCountry "IND"]
[SourceTitle "CB18_2025"]
[SourceDate "2025.04.30"]
[SourceVersion "1"]
[SourceVersionDate "2025.04.30"]
[SourceQuality "1"]

1. d4 d5 2. c4 dxc4 3. e4 b5 4. a4 c6 5. axb5 cxb5 6. Nc3 Qb6 7. Qh5 Bd7 8. Nf3 Nf6 9. Qh4 e6 10. Be2 b4 11. Nd1 Qb7 12. e5 Nd5 13. 0-0 Bc6 14. Bxc4 Nd7 15. Ba6 Qb8 16. Ne3 N7b6 17. Bd2 Nc7 18. Be2 Qb7 19. Rfc1 Ncd5 20. Ra4 a6 21. Nxd5 1-0

[Event "Bengaluru Namma op 2nd"]
[Site "Bengaluru"]
[Date "2025.04.12"]
[Round "4"]
[White "Petrosyan, Manuel"]
[Black "Panda, Sambit"]
[Result "1-0"]
[WhiteElo "2544"]
[BlackElo "2391"]
[PlyCount "83"]
[EventDate "2025.04.10"]
[EventType "swiss"]
[EventRounds "10"]
[EventCountry "IND"]
[SourceTitle "CB18_2025"]
[SourceDate "2025.04.30"]
[SourceVersion "1"]
[SourceVersionDate "2025.04.30"]
[SourceQuality "1"]

1. c4 e6 2. Nf3 d5 3. d4 Nf6 4. g3 Be7 5. Bg2 0-0 6. 0-0 c6 7. Nc3 Nbd7 8. Qd3 b6 9. e4 Bb7 10. e5 dxc4 11. Qxc4 Nd5 12. Nxd5 cxd5 13. Qa4 a6 14. Re1 Rc8 15. Bf1 Nb8 16. Bd3 Nc6 17. a3 Qe8 18. Qd1 Na5 19. h4 h6 20. Bb1 h5 21. b4 Nc4 22. Ng5 Bxg5 23. Bxg5 f6 24. exf6 gxf6 25. Bh6 Qf7 26. Bxf8 Rxf8 27. Bd3 e5 28. Be2 f5 29. Bxc4 dxc4 30. Rxe5 Re8 31. Qe2 Rxe5 32. Qxe5 Be4 33. d5 Qxd5 34. Qxd5+ Bxd5 35. Rd1 Be4 36. Rd7 Kf8 37. Kf1 Ke8 38. Rg7 Kd8 39. Ke1 c3 40. Kd1 Kc8 41. Kc1 b5 42. Rh7 1-0

[Event "Titled Tuesday intern op 01st Apr Early"]
[Site "Chess.com INT"]
[Date "2025.04.01"]
[Round "4"]
[White "Nikhil, M."]
[Black "Panda, Sambit"]
[Result "0-1"]
[WhiteElo "2261"]
[BlackElo "2383"]
[PlyCount "66"]
[EventDate "2025.04.01"]
[EventType "swiss (blitz)"]
[EventRounds "11"]
[EventCountry "USA"]
[SourceTitle "CB15_2025"]
[SourceDate "2025.04.09"]
[SourceVersion "1"]
[SourceVersionDate "2025.04.09"]
[SourceQuality "1"]

1. d4 Nf6 2. Nf3 b6 3. Bg5 Ne4 4. Nbd2 Nxg5 5. Nxg5 e5 6. Ngf3 exd4 7. Nxd4 c5 8. N4f3 Bb7 9. e4 Be7 10. Bc4 0-0 11. 0-0 Nc6 12. c3 Na5 13. Qe2 Re8 14. Rad1 Bf8 15. Qd3 Nxc4 16. Nxc4 Bxe4 17. Qxd7 Qf6 18. Nfd2 Bc6 19. Qg4 Rad8 20. h4 g6 21. Ne3 Bh6 22. Rfe1 Bf4 23. Ndf1 h5 24. Qh3 Rxd1 25. Rxd1 Bb8 26. Nd5 Qe5 27. Nfe3 b5 28. Qf3 Kg7 29. g3 c4 30. Rd4 Rd8 31. Rf4 Bxd5 32. Nxd5 Qxd5 33. Qe3 Bxf4 0-1

[Event "Titled Tuesday intern op 01st Apr Early"]
[Site "Chess.com INT"]
[Date "2025.04.01"]
[Round "5"]
[White "Panda, Sambit"]
[Black "Bargsten, Justus"]
[Result "1-0"]
[WhiteElo "2383"]
[BlackElo "2229"]
[PlyCount "73"]
[EventDate "2025.04.01"]
[EventType "swiss (blitz)"]
[EventRounds "11"]
[EventCountry "USA"]
[SourceTitle "CB15_2025"]
[SourceDate "2025.04.09"]
[SourceVersion "1"]
[SourceVersionDate "2025.04.09"]
[SourceQuality "1"]

1. c4 e5 2. Nf3 e4 3. Nd4 c5 4. Nc2 Nf6 5. g3 d5 6. cxd5 Qxd5 7. Bg2 Qh5 8. h3 Nc6 9. Nc3 Qg6 10. 0-0 Be7 11. Ne3 0-0 12. Ncd5 Nxd5 13. Nxd5 Bd6 14. d3 exd3 15. e4 c4 16. b3 b5 17. a4 Nd4 18. e5 Bc5 19. b4 Ne2+ 20. Kh2 Bb7 21. bxc5 Bxd5 22. Bxd5 Rad8 23. Bf3 Nc3 24. Qe1 b4 25. Bd2 a5 26. Bxc3 bxc3 27. Qxc3 Rfe8 28. c6 Qf5 29. Kg2 Qe6 30. Rac1 d2 31. Rcd1 Rd3 32. Qxa5 Rxf3 33. Kxf3 Qxc6+ 34. Ke3 c3 35. Qb5 Qa8 36. f4 Qg2 37. Qxe8# 1-0

[Event "Titled Tuesday intern op 25th Mar Early"]
[Site "Chess.com INT"]
[Date "2025.03.25"]
[Round "2"]
[White "Aravindh, Chithambaram VR"]
[Black "Panda, Sambit"]
[Result "1-0"]
[WhiteElo "2731"]
[BlackElo "2383"]
[PlyCount "55"]
[EventDate "2025.03.25"]
[EventType "swiss (blitz)"]
[EventRounds "11"]
[EventCountry "USA"]
[SourceTitle "CB14_2025"]
[SourceDate "2024.11.01"]
[SourceVersion "1"]
[SourceVersionDate "2024.11.01"]
[SourceQuality "1"]

1. g3 d5 2. d4 Nf6 3. Bg2 Bf5 4. c4 e6 5. Nc3 c6 6. Qb3 Qb6 7. Nf3 h6 8. 0-0 Nbd7 9. c5 Qa6 10. Re1 Be7 11. Bf1 b5 12. a4 bxa4 13. Rxa4 Qc8 14. Qa2 Qb7 15. Bf4 g5 16. e4 dxe4 17. Ba6 Qb8 18. Bxb8 Rxb8 19. Nd2 0-0 20. Bf1 e5 21. Ndxe4 Nxe4 22. Nxe4 exd4 23. Rxa7 Rfe8 24. Nd6 Bxd6 25. Rxe8+ Rxe8 26. cxd6 Re1 27. Qa5 Bh3 28. Qxe1 1-0

[Event "Titled Tuesday intern op 25th Mar Early"]
[Site "Chess.com INT"]
[Date "2025.03.25"]
[Round "6"]
[White "Panda, Sambit"]
[Black "Ferrara, Enzo"]
[Result "0-1"]
[WhiteElo "2383"]
[BlackElo "2138"]
[PlyCount "158"]
[EventDate "2025.03.25"]
[EventType "swiss (blitz)"]
[EventRounds "11"]
[EventCountry "USA"]
[SourceTitle "CB14_2025"]
[SourceDate "2024.11.01"]
[SourceVersion "1"]
[SourceVersionDate "2024.11.01"]
[SourceQuality "1"]

1. d4 f5 2. Nf3 Nf6 3. g3 g6 4. Bg2 Bg7 5. 0-0 0-0 6. Nbd2 d6 7. Re1 Ne4 8. Nxe4 fxe4 9. Ng5 d5 10. f3 h6 11. Nh3 exf3 12. exf3 g5 13. Nf2 Nc6 14. c3 Bf5 15. Nd3 Qd6 16. g4 Bxd3 17. Qxd3 e5 18. Be3 exd4 19. cxd4 Rae8 20. Kh1 Qb4 21. Red1 Rf6 22. a3 Qe7 23. Bf2 Qe2 24. Bg3 Qxd3 25. Rxd3 Rf7 26. Rad1 Re2 27. b4 a6 28. h4 Kf8 29. h5 Rfe7 30. Kg1 Nd8 31. Rc1 c6 32. Bd6 Ne6 33. Bxe7+ Kxe7 34. Rcd1 Kf6 35. Bf1 Ra2 36. R1d2 Ra1 37. Kf2 Nf4 38. Re3 Kf7 39. Rb3 Ne6 40. Rbd3 Nf4 41. Re3 Ne6 42. Red3 Bf8 43. Rd1 Ra2+ 44. Kg1 Bd6 45. Re1 Bh2+ 46. Kh1 Nf4 47. Rde3 Bg3 48. R1e2 Nxe2 49. Bxe2 Bf2 50. Re5 Bxd4 51. Rf5+ Ke6 52. Bd3 Bf6 53. Bf1 Rxa3 54. Bg2 Rb3 55. f4 Rxb4 56. fxg5 Bxg5 57. Rf8 Rxg4 58. Rg8 Rh4+ 59. Kg1 Rxh5 60. Kf2 Kd6 61. Bf3 Rh4 62. Kg3 Rf4 63. Rg7 b5 64. Bg4 Kc5 65. Rc7 Kb6 66. Rc8 Rc4 67. Rb8+ Kc5 68. Ra8 Ra4 69. Rc8 Ra3+ 70. Kg2 Kb6 71. Bd7 c5 72. Rc6+ Ka5 73. Rxc5 d4 74. Rd5 d3 75. Bc8 d2 76. Rd6 Kb4 77. Bxa6 Rxa6 78. Rxa6 d1Q 79. Re6 Qd5+ 0-1

[Event "Titled Tuesday intern op 28th Jan Early"]
[Site "Chess.com INT"]
[Date "2025.01.28"]
[Round "1"]
[White "Panda, Sambit"]
[Black "Mutuge, Ian"]
[Result "1-0"]
[WhiteElo "2383"]
[BlackElo "1959"]
[PlyCount "47"]
[EventDate "2025.01.28"]
[EventType "swiss (blitz)"]
[EventRounds "11"]
[EventCountry "USA"]
[SourceTitle "CB06_2025"]
[SourceDate "2025.02.05"]
[SourceVersion "1"]
[SourceVersionDate "2025.02.05"]
[SourceQuality "1"]

1. Nf3 g6 2. c4 Bg7 3. Nc3 Nf6 4. d4 0-0 5. e4 d6 6. Be2 b6 7. 0-0 Bb7 8. Qc2 Nbd7 9. Rd1 Qc8 10. b3 e5 11. dxe5 Nxe5 12. Nxe5 dxe5 13. Nd5 Re8 14. Ba3 Nxd5 15. cxd5 Qd7 16. Rac1 Rac8 17. Bb2 f5 18. a4 fxe4 19. Bb5 Qf5 20. Bxe8 Rxe8 21. Qxc7 Bc8 22. d6 Rf8 23. Rc2 Rf7 24. Qxc8+ 1-0

[Event "Titled Tuesday intern op 28th Jan Early"]
[Site "Chess.com INT"]
[Date "2025.01.28"]
[Round "9"]
[White "Shafer, Logan Clark"]
[Black "Panda, Sambit"]
[Result "1-0"]
[WhiteElo "2202"]
[BlackElo "2383"]
[PlyCount "107"]
[EventDate "2025.01.28"]
[EventType "swiss (blitz)"]
[EventRounds "11"]
[EventCountry "USA"]
[SourceTitle "CB06_2025"]
[SourceDate "2025.02.05"]
[SourceVersion "1"]
[SourceVersionDate "2025.02.05"]
[SourceQuality "1"]

1. Nf3 b6 2. c4 Bb7 3. d4 e6 4. g3 Bxf3 5. exf3 d5 6. Nc3 Nf6 7. Bg2 Be7 8. 0-0 0-0 9. f4 c6 10. b3 g6 11. Be3 Nbd7 12. g4 Kh8 13. Kh1 Rc8 14. Ne2 Ne8 15. f5 exf5 16. gxf5 Ndf6 17. Nf4 Ng7 18. fxg6 hxg6 19. Nd3 Nfh5 20. Ne5 Bf6 21. Qg4 Nf5 22. Rac1 Bxe5 23. dxe5 Nxe3 24. fxe3 d4 25. exd4 Qe7 26. Rce1 Rcd8 27. e6 fxe6 28. Qxg6 Rxf1+ 29. Rxf1 Qh7 30. Qxe6 Qg7 31. Qe5 c5 32. Qxg7+ Nxg7 33. d5 Kg8 34. Bh3 Rd6 35. Re1 Kf8 36. Be6 Ke7 37. Kg2 a5 38. a4 Kf6 39. Rf1+ Kg6 40. Re1 Kf6 41. Kf3 Rd8 42. Kg4 Ne8 43. Rf1+ Ke5 44. Re1+ Kd4 45. h4 Nd6 46. h5 Kc3 47. h6 Kxb3 48. h7 Kxc4 49. Bg8 Kb4 50. h8Q c4 51. Qb2+ Kc5 52. Qf2+ Kb4 53. Rb1+ Kxa4 54. Qa2# 1-0

[Event "Bhubaneswar Odisha op"]
[Site "Bhubaneswar"]
[Date "2024.12.16"]
[Round "2"]
[White "Panda, Sambit"]
[Black "Abhay, Bandewar"]
[Result "1-0"]
[WhiteElo "2381"]
[BlackElo "2080"]
[PlyCount "53"]
[EventDate "2024.12.15"]
[EventType "swiss"]
[EventRounds "10"]
[EventCountry "IND"]
[SourceTitle "CB52_2024"]
[SourceDate "2024.12.25"]
[SourceVersion "1"]
[SourceVersionDate "2024.12.25"]
[SourceQuality "1"]

1. d4 d5 2. c4 c6 3. Nf3 e6 4. Nbd2 Nf6 5. e3 Bd6 6. Bd3 Nbd7 7. e4 e5 8. cxd5 cxd5 9. 0-0 0-0 10. Re1 h6 11. h3 b6 12. exd5 exd4 13. Nxd4 Nxd5 14. Ne4 Nc5 15. Nc6 Qc7 16. Nxc5 Qxc6 17. Be4 Qxc5 18. Bxd5 Rb8 19. Be3 Qc7 20. Rc1 Qd7 21. Rc4 Qf5 22. Ra4 Rd8 23. Rxa7 Bb7 24. Rxb7 Rxb7 25. Bxb7 Bh2+ 26. Kxh2 Rxd1 27. Rxd1 1-0

[Event "Bhubaneswar Odisha op"]
[Site "Bhubaneswar"]
[Date "2024.12.15"]
[Round "1"]
[White "Challa, Saharsha"]
[Black "Panda, Sambit"]
[Result "0-1"]
[WhiteElo "1966"]
[BlackElo "2381"]
[PlyCount "90"]
[EventDate "2024.12.15"]
[EventType "swiss"]
[EventRounds "10"]
[EventCountry "IND"]
[SourceTitle "CB52_2024"]
[SourceDate "2024.12.25"]
[SourceVersion "1"]
[SourceVersionDate "2024.12.25"]
[SourceQuality "1"]

1. Nf3 d5 2. e3 c5 3. b3 Nc6 4. Bb2 a6 5. Be2 Qc7 6. d4 cxd4 7. Nxd4 e5 8. Nxc6 bxc6 9. 0-0 Nf6 10. c4 Bd6 11. Nc3 Bb7 12. Rc1 Qe7 13. Qd2 0-0 14. Rfd1 Rad8 15. cxd5 cxd5 16. Na4 Ne4 17. Qa5 d4 18. f3 Qg5 19. Rd3 dxe3 20. Qb6 Qh4 21. Qxe3 Ng5 22. Qf2 Qh6 23. h4 e4 24. Rxd6 Nxf3+ 25. Bxf3 Rxd6 26. Be2 e3 27. Qe1 Rg6 28. Bf1 Rg4 29. Rc4 Be4 30. Bc1 Rxh4 31. Bxe3 Rh1+ 32. Kf2 Qf6+ 33. Ke2 Rxf1 34. Qg3 Ra1 35. Rxe4 Qf1+ 36. Kd2 Rd1+ 37. Kc2 Qd3+ 38. Kb2 Qxe4 39. Nc3 Qd3 40. Nxd1 Qxd1 41. Bh6 Qd4+ 42. Ka3 Rd8 43. Qg5 a5 44. Bxg7 Qb4+ 45. Kb2 Qd2+ 0-1

[Event "Qatar Masters op-A"]
[Site "Doha"]
[Date "2024.12.06"]
[Round "4"]
[White "Panda, Sambit"]
[Black "Vaibhav, Jayant Raut"]
[Result "1-0"]
[WhiteElo "2381"]
[BlackElo "2304"]
[PlyCount "57"]
[EventDate "2024.12.03"]
[EventType "swiss"]
[EventRounds "9"]
[EventCountry "QAT"]
[SourceTitle "CB51_2024"]
[SourceDate "2024.12.18"]
[SourceVersion "1"]
[SourceVersionDate "2024.12.18"]
[SourceQuality "1"]

1. d4 Nf6 2. c4 e6 3. Nc3 Bb4 4. e3 0-0 5. Bd3 d5 6. a3 Bxc3+ 7. bxc3 dxc4 8. Bxc4 c5 9. Ne2 Qc7 10. Ba2 b6 11. 0-0 Ba6 12. Re1 Nc6 13. Ng3 Rfd8 14. Rb1 Rac8 15. Rb2 e5 16. d5 e4 17. Qa4 Na5 18. c4 Qd7 19. Qc2 Re8 20. Bd2 h5 21. f3 h4 22. Nxe4 Nxe4 23. fxe4 Nb7 24. Bb1 g6 25. Bc3 Nd6 26. Qf2 Nxe4 27. Bxe4 Rxe4 28. Qf6 Kf8 29. d6 1-0